000 01001cab a2200241 4500
001 WB2804-12
008 090401t1992 xxu||||| |||| 00| 0 eng d
035 _a(Sirsi) u12972
041 _aeng
245 _aRaising profile of commercial property
260 _c1992
350 _a0
490 _aRICS Press Release
_v(PR4/92) 20 January 1992
490 _aEstates Times
_v(1127) 24 January 1992, 8(3)
520 _aFor the first time commercial property may soon feature in a recognised economic model, as a result of a joint initiative by the RICS, Investment Property Databank and Professor David Currie, Head of London Business School`s Centre for Economic Forecasting, this step could result in a significant improvement of the national profile of the property industry.
650 _aCOMMERCIAL PROPERTY INDICES
650 _aECONOMIC MODELS
650 _aIPD MONTHLY INDEX
650 _aJOINT VENTURES
690 _aPROPERTY-COMMERCIAL PROPERTY
942 _n0
948 _c04/03/1997
999 _c8333
_d8333